000 00284 a2200121 4500
001 59916
082 _a519.402 PAL
090 _c36751
_d36751
100 _aPalm William J
245 _aConcise Introduction to MATLAB
260 _aUSA
_bMc Graw Hill
_c2008
300 _axii, 418p.
942 _aNUST-CAE
_k519.402 PAL
999 _c294989
_d294989